1198 1552 1456 1328 1844 1398 1414 1714 1186 1335 1170 1873 1780 1580 1551 1080 1330 1729 1050 1833 1628 1425 1558 1313 1518 1393 1897 1662 1460 1517 1723 1762 1229 1839 1547 1174 1903 1216 1739 1205 1179 1946 1865 1752 1849 1337 1867 1624 1588 1376 1134 1310 1151 1498 1056 1146 1302 1311 1700 1492 1333 1119 1928 1295 1206 1651 1222 1378 1488 1262 1580 1781 1502 1049 1156 1750 1370 1688 1613 1814 1654 1160 1426 1249 1415 1460 1921 1877 1334 1624 1467 1979 1243 1135 1650 1675 1413 1179 1373 BCNSPRNW ULIB Ver.6.0+V

เปลี่ยนเป็นภาษาไทย

Change to English
 แสดงรายละเอียดบรรณานุกรม
  กลับหน้าหลัก

Brief Record : Get Marc (ISO 2709) : E-mail record : QR code < ปิดหน้าต่าง
LEADER : 00000nam 2200000uu 4500
001    13399127528
003     ULIB
008    210114s2563||||th 000 0 tha d
020 ^- ^a9789990143539
060 ^- ^aWB115^bอ843
245 00 ^aAmbulatory medicine /^cบรรณาธิการ บุษยามาส ชีวสกุลยง, ศุภวรรณ บูรณพิร, ชัยยุทธ เจริญธรรม.
250 ^- ^aพิมพ์ครั้งที่ 1.
260 ^- ^aเชียงใหม่ :^bภาควิชาอายุรศาสตร์ คณะแพทยศาสตร์ มหาวิทยาลัยเชียงใหม่,^c2563
300 ^- ^a380 หน้า :^bภาพประกอบ (ภาพสีบางภาพ)
650 ^4 ^aอายุรศาสตร์.
650  0 ^a การวินิจฉัยโรค.
650  0 ^aการรักษาโรค.
700 0^ ^aบุษยามาส ชีวสกุลยง.
700 0  ^aศุภวรรณ บูรณพิร.
700 0  ^aชัยยุทธ เจริญธรรม.
710 2^ ^aมหาวิทยาลัยเชียงใหม่.ภาควิชาอายุรศาสตร์.
945    ^p400^l0^i007305
945    ^p400^l0^i007306
945    ^p400^l0^i007307
999    ^aประนอม เกษจรัล
รายการนี้ยังไม่มีแท็ก
คุณยังไม่ได้ล็อกอิน คุณสามารถมีกิจกรรมร่วมกับเว็บไซต์ได้ แต่ต้องล็อกอินก่อน ::
  ล็อกอิน

รายการสื่อสารสนเทศ

ลำดับที่ ประเภท เลขเรียก/บาร์โค้ด สถานที่ สถานะ
1. วิทยาศาสตร์การแพทย์ และสุขภาพ
หนังสือสำรอง
สถานะ=หนังสือสำรอง
WB115 อ843 ฉ.1 
  Barcode: 007305
ห้องสมุดวิทยาเขตสวรรค์ประชารักษ์
►หนังสือทั่วไป
บนชั้น
2. วิทยาศาสตร์การแพทย์ และสุขภาพ
วิทยาศาสตร์การแพทย์ และสุขภาพ
WB115 อ843 ฉ.2 
  Barcode: 007306
ห้องสมุดวิทยาเขตสวรรค์ประชารักษ์
►หนังสือทั่วไป
บนชั้น
3. วิทยาศาสตร์การแพทย์ และสุขภาพ
วิทยาศาสตร์การแพทย์ และสุขภาพ
WB115 อ843 ฉ.3 
  Barcode: 007307
ห้องสมุดวิทยาเขตสวรรค์ประชารักษ์
►หนังสือทั่วไป
บนชั้น

รายการใกล้เคียง
    หัวเรื่อง [อายุรศาสตร์.]
    หัวเรื่อง [การวินิจฉัยโรค.]
    หัวเรื่อง [การรักษาโรค.]

BibComment


ยังไม่เคยถูกคอมเมนท์

คอมเมนท์ทรัพยากรรายการนี้
  คอมเมนท์: Ambulatory medic..


 Copyright 2026. Bcnsprnw @Library